000 00969nam a22002537a 4500
008 240605b mp ||||| |||| 00| 0 mon d
020 _a978-9919-517-76-2
035 _a25541
040 _aHE0623081
_bmon
_cMN-UlNLM
_dMN-UlNLM
_erda
041 _amon
042 _a59379
084 _2NNA
_a84(0)-44
_bК.986
100 _aКерролл Л.
245 0 _aАлиса гайхамшгийн оронд
264 _aУБ.
_bМон судар ХГ.
_c2022
300 _a198х.
336 _2rdacontent
_atext
_btxt
337 _2rdamedia
_aunmediated
_bn
338 _2rdacarrier
_avolume
_bnc
490 _aГайхамшигийн эрэлд
650 _aТуулайн үүрээр аялах, нөлөөтэй толины оронд Алисатай хамт очихоос илүү гайралтай зүйл юу байх билээ. Урьд өмнө зохион бичиж байс...
942 _2NNA
_cBK
999 _c895222
_d895279